| 000 | 04083nam a22005657a 4500 | ||
|---|---|---|---|
| 001 | BRCA_9188 | ||
| 003 | FranzMayer | ||
| 005 | 20220809132529.0 | ||
| 008 | 220705b |||||||| |||| 00| 0 spa d | ||
| 020 | _a9786073028660 | ||
| 040 |
_bspa _cMFM |
||
| 041 | 0 |
_aspa _aeng |
|
| 050 | 0 | 0 |
_aND1635 _bH57 2020 |
| 245 | 0 | 0 |
_aHistorias de pincel : _bpintura y retablos del siglo XVI en la Nueva España / _ccoordinadores Pedro Ángeles Jiménez, Elsa Arroyo Lemus y Elisa Vargaslugo ; |
| 264 | 1 |
_aCiudad de México : _bInstituto de Investigaciones Estéticas, Universidad Nacional Autónoma de México _c2020. |
|
| 300 |
_a551 p. : _bil., facsímiles, map. ; _c22.5 x 30 cm. |
||
| 336 |
_astill image _bsti _2rdacontent |
||
| 336 |
_atext _btxt _2rdacontent |
||
| 337 |
_aunmediated _bn _2rdamedia |
||
| 338 |
_avolume _bnc _2rdacarrier |
||
| 490 | 0 |
_aMaterialidades ; _v1 |
|
| 500 | _aUbicación: L59-N5 | ||
| 504 | _aBibliografía general: p. 531-549 | ||
| 505 | 8 |
_tPresentación / _rElisa Vargaslugo |
|
| 505 | 8 |
_tIntroducción / _rElsa Arroyo y Pedro Ángeles Jiménez |
|
| 505 | 8 |
_tEntre Toledo, Sevilla y la Nueva España: circulación de saberes técnicos en la pintura de retablos / _rRocío Bruquetas Galán |
|
| 505 | 8 |
_tBiografía cultural de las pinturas de Marten de Vos en México / _rElsa Arroyo Lemus |
|
| 505 | 8 |
_tLos otros usos del pincel. Retablos y policromías / _rPedro F. Amador Marrero |
|
| 505 | 8 |
_tMarten de Vos, paintings, prints, red lakes and smalt: transatlantic travels / _rErma Hermens |
|
| 505 | 8 |
_tVolver a las fuentes. El retablo mayor de san Miguel, Huejotzingo / _rPedro Ángeles Jiménez |
|
| 505 | 8 |
_tPintura y escultura del siglo XVI. Revisión de los documentos con que se ha escrito su historia / _rEdén Zárate |
|
| 505 | 8 |
_tEl dibujo tras el arte de Huejotzingo / _rClara Bargellini |
|
| 505 | 8 |
_tAndrés de Concha. Entre dudas y certezas / _rRogelio Ruíz Gomar |
|
| 505 | 8 |
_tPropuesta metodológica para el registro fotográfico de pintura novohispana en alta resolución / _rRicardo Alvarado Tapia |
|
| 505 | 8 |
_tCuando la pintura se vuelve transparente. Avances metodológicos en la aplicación de la radiografía para el estudio de la pintura sobre tabla del siglo XVI en la Nueva España / _rEumelia Hernández Vázquez |
|
| 505 | 8 |
_tEl soporte de las imágenes: análisis anatómico de las maderas empleadas en las pinturas sobre tabla de los retablos de Cuautitlán y Huejotzingo / _rAlejandra Quintanar Isaías, Ana Teresa Jaramillo Pérez, Daniel Sánchez Gómez y Julieta Avilés Sánchez |
|
| 505 | 8 |
_tLa restauración del retablo mayor del templo de San Miguel Arcángel, Huejotzingo, Puebla / _rMarina Straulino |
|
| 505 | 8 |
_tCatalogo razonado / _rPedro F. Amador Marrero, Pedro Ángeles Jiménez, Elsa Arroyo Lemus, Tatiana Falcón, Eumelia Hernández Vázquez, Elizabeth Vite, Sandra Zetina |
|
| 505 | 8 |
_tApéndice documental / _rEdén Zárate |
|
| 520 |
_aA partir de un modelo de investigación construido en el diálogo entre el pensamiento histórico-artístico y los análisis científicos, el presente volumen se centra en el examen técnico de las "historias de pincel" o imágenes para retablos, entendidas como obras de arte, pero también como artefactos culturales. Aquí se abordan explícitamente sus materiales y las técnicas con las que están hechas estas pinturas, pero también se enfoca en los componentes activos en su concepción, intención, producción, recepción, circulación e interpretación. _cProporcionado por el editor. |
||
| 546 | _aTexto principalmente en español; un artículo en inglés. | ||
| 600 |
_aPereyns, Simón, _d- 1589 _928419 |
||
| 600 |
_aConcha, Andrés de la , _d1612 _xSpanish painter and architect died 1612 _928420 |
||
| 600 |
_aVos, Maarten de, _d1532-1603 _928421 |
||
| 650 | 0 |
_aPintura _xMateriales _xTécnicas _ySiglo XVI _zMéxico _928422 |
|
| 650 | 0 |
_aRetablos _xMateriales _xTécnicas _ySiglo XVI _zMéxico _928423 |
|
| 650 | 0 |
_aArte y simbolismo cristiano _ySiglo XVI _zMéxico _928424 |
|
| 942 |
_2lcc _cB |
||
| 999 |
_c10807 _d10807 |
||